Luces y sombras de un año dificil (Registro nro. 18271)
[ vista simple ]
| 000 -LEADER | |
|---|---|
| fixed length control field | 00393 a2200133 4500 |
| 001 - CONTROL NUMBER | |
| control field | ART_15629 |
| 005 - DATE AND TIME OF LATEST TRANSACTION | |
| control field | 20260410161736.0 |
| 008 - FIXED-LENGTH DATA ELEMENTS--GENERAL INFORMATION | |
| fixed length control field | 260409a |
| 100 1# - MAIN ENTRY--PERSONAL NAME | |
| Personal name | Expósito, David |
| 245 10 - TITLE STATEMENT | |
| Title | Luces y sombras de un año dificil |
| 700 1# - ADDED ENTRY--PERSONAL NAME | |
| Personal name | del Villar, Hernán |
| 700 1# - ADDED ENTRY--PERSONAL NAME | |
| Personal name | Sánchez, Carlos E. |
| 773 0# - HOST ITEM ENTRY | |
| Title | Ejecutivos de finanzas |
| Related parts | - Año 6, Nº 43 (mar. 1988) |
| Record control number | REV2863 |
No hay ítems disponibles.